Finančný prenájom podľa zákona o dani z príjmov
Charakteristickým znakom finančného prenájmu je, že po riadnom ukončení zmluvy o prenájme prechádza predmet prenájmu do právneho vlastníctva nájomcu. Zákon o dani z príjmov venuje počas doby trvania finančného prenájmu pozornosť predovšetkým daňovej uznateľnosti nákladov (výdavkov), odpisovaniu takt...
Salvato in:
| Autore principale: | |
|---|---|
| Natura: | Capitolo di libro |
| Lingua: | slovacco |
| Soggetti: | |
| Tags: |
Nessun Tag, puoi essere il primo ad aggiungerne!!
|
MARC
| LEADER | 00000naa$a2200000$$$4500 | ||
|---|---|---|---|
| 001 | 0114021 | ||
| 005 | 20240502072253.0 | ||
| 041 | 0 | |a slo | |
| 044 | |a SK | ||
| 245 | 1 | 0 | |a Finančný prenájom podľa zákona o dani z príjmov |c Eva Turská |
| 520 | |a Charakteristickým znakom finančného prenájmu je, že po riadnom ukončení zmluvy o prenájme prechádza predmet prenájmu do právneho vlastníctva nájomcu. Zákon o dani z príjmov venuje počas doby trvania finančného prenájmu pozornosť predovšetkým daňovej uznateľnosti nákladov (výdavkov), odpisovaniu takto obstaraného predmetu a povinnostiam nájomcu pri úprave základu dane v prípade predčasného ukončenia finančného prenájmu. | ||
| 610 | 2 | 0 | |a prenájom |
| 610 | 2 | 0 | |a prenájom zmluvný |
| 610 | 2 | 0 | |a lízing finančný |
| 610 | 2 | 0 | |a nájomcovia |
| 610 | 2 | 0 | |a dane z príjmov |
| 610 | 2 | 0 | |a odpisy |
| 100 | 1 | |a Turská, Eva | |